1322 1705 1013 1619 1130 1825 1334 1078 1102 1431 1708 1566 1953 1659 1654 1275 1617 1788 1823 1775 1187 1108 1905 1605 1413 1287 1438 1841 1947 1834 1693 1576 1089 1941 1771 1867 1315 1479 1160 1227 1120 1696 1368 1950 1035 1915 1894 1037 1855 1896 1694 1583 1737 1229 1146 1471 1971 1825 1703 1653 1558 1466 1058 1435 1482 1539 1093 1185 1184 1727 1871 1597 1365 1179 1196 1806 1400 1206 1776 1373 1973 1433 1034 1895 1032 1550 1820 1745 1568 1252 1758 1519 1330 1617 1366 1362 1903 1403 1414 BCNSPRNW ULIB Ver.6.0+V

เปลี่ยนเป็นภาษาไทย

Change to English
 แสดงรายละเอียดบรรณานุกรม
  กลับหน้าหลัก

Brief Record : Get Marc (ISO 2709) : E-mail record : QR code < ปิดหน้าต่าง
LEADER : 00000nam 2200000uu 4500
001    13399111239
003     ULIB
008    110621s||||||||th 000 0 tha d
020    9786167005225
050  4 BF637.S8^bห353ค 2553
100 0  หวงถง
245 10 ความสำเร็จเกิดจากการก้าวไปข้างหน้า แต่ความสุขเกิดจากการก้าวถอยหลัง/^cหวงถง
250    พิมพ์ครั้งที่ 1
260    กรุงเทพฯ :^bbe Bright,^c2553
300    278 หน้า
650  7 จิตวิทยา
650  7 พัฒนาตนเอง
700 0  วังไฉ่ฉิง
700 0  ซงเย่,^eผู้แปล
945    ^p180^l0^i028449
995    ทศพร
999 ^a ใช้งานได้ทุกระบบ
รายการนี้ยังไม่มีแท็ก
คุณยังไม่ได้ล็อกอิน คุณสามารถมีกิจกรรมร่วมกับเว็บไซต์ได้ แต่ต้องล็อกอินก่อน ::
  ล็อกอิน

รายการสื่อสารสนเทศ

ลำดับที่ ประเภท เลขเรียก/บาร์โค้ด สถานที่ สถานะ
- ไม่พบข้อมูล -

รายการใกล้เคียง
    หัวเรื่อง [จิตวิทยา]
    หัวเรื่อง [พัฒนาตนเอง]

BibComment


ยังไม่เคยถูกคอมเมนท์

คอมเมนท์ทรัพยากรรายการนี้
  คอมเมนท์: ความสำเร็จเกิดจาก..


 Copyright 2026. Bcnsprnw @Library